[Event "Lvov Ukrainian Chess Warriors"]
[Site "Lvov"]
[Date "2024.03.15"]
[Round "5"]
[White "Marchyshyn, Vasyl"]
[Black "Piuro, Vladyslav"]
[Result "1-0"]
[WhiteElo "1753"]
[BlackElo "1798"]
[PlyCount "91"]
[EventDate "2024.03.15"]
[EventType "swiss (rapid)"]
[EventRounds "8"]
[EventCountry "UKR"]
[SourceTitle "CB12_2024"]
[SourceDate "2023.10.01"]
[SourceVersion "1"]
[SourceVersionDate "2023.10.01"]
[SourceQuality "1"]

1. e4 c5 2. Nf3 d6 3. d4 cxd4 4. Qxd4 e5 5. Qd1 a6 6. Nc3 Nf6 7. Bg5 Be7 8. Bc4 Be6 9. Qe2 Qc7 10. Bb3 0-0 11. 0-0 Nbd7 12. Rfd1 b5 13. Bxf6 Bxf6 14. Qd2 Be7 15. Ng5 Nc5 16. Nd5 Bxd5 17. Bxd5 Rad8 18. Rac1 Bxg5 19. Qxg5 Ne6 20. Qg4 Nf4 21. g3 Nxd5 22. Rxd5 Qc6 23. Rcd1 Qxc2 24. Rxd6 Rxd6 25. Rxd6 Qb1+ 26. Qd1 Qxb2 27. Rxa6 h6 28. Qd5 Kh8 29. Rb6 f5 30. Qxb5 Qc1+ 31. Kg2 Qc7 32. Rb7 Qc2 33. Qxe5 Rg8 34. Qxf5 Qxa2 35. Qe5 Qa8 36. Rb6 Kh7 37. Qf5+ Kh8 38. Qd5 Qe8 39. e5 Qh5 40. Rd6 Qg5 41. e6 Qe7 42. Rd7 Qe8 43. e7 Qg6 44. Rd8 Re8 45. Rxe8+ Qxe8 46. Qd8 1-0

[Event "Lvov Ukrainian Chess Warriors"]
[Site "Lvov"]
[Date "2024.03.15"]
[Round "7"]
[White "Rushynets, Ivan"]
[Black "Piuro, Vladyslav"]
[Result "0-1"]
[WhiteElo "1852"]
[BlackElo "1798"]
[PlyCount "58"]
[EventDate "2024.03.15"]
[EventType "swiss (rapid)"]
[EventRounds "8"]
[EventCountry "UKR"]
[SourceTitle "CB12_2024"]
[SourceDate "2023.10.01"]
[SourceVersion "1"]
[SourceVersionDate "2023.10.01"]
[SourceQuality "1"]

1. d4 Nf6 2. c4 g6 3. Nc3 Bg7 4. e4 d6 5. Be3 0-0 6. f3 c5 7. d5 e6 8. Bd3 exd5 9. exd5 Re8 10. Kf2 Na6 11. Qd2 Ng4+ 12. fxg4 Rxe3 13. Nf3 Bd4 14. Nxd4 cxd4 15. Rhf1 Rxd3 16. Qxd3 dxc3 17. Qxc3 Bxg4 18. Kg1 Nc5 19. Rf4 Qb6 20. Kh1 Bf5 21. Raf1 Ne4 22. Qf3 Nd2 23. Qg3 Nxf1 24. Rxf1 Qxb2 25. Qxd6 Re8 26. Qc7 Qe2 27. Rg1 Qf2 28. Qxb7 Re1 29. Qb8+ Kg7 0-1

[Event "Malakhatko Memorial op"]
[Site "Chess.com INT"]
[Date "2023.06.14"]
[Round "7"]
[White "Bilovil, Bogdan"]
[Black "Piuro, Vladyslav"]
[Result "1-0"]
[WhiteElo "2348"]
[BlackElo "1511"]
[PlyCount "97"]
[EventDate "2023.06.14"]
[EventType "swiss (blitz)"]
[EventRounds "11"]
[EventCountry "USA"]
[SourceTitle "CBM 214 Extra"]
[Source "ChessBase"]
[SourceDate "2023.07.31"]
[SourceVersion "1"]
[SourceVersionDate "2023.07.31"]
[SourceQuality "1"]

1. d4 Nf6 2. c4 e6 3. Nc3 Bb4 4. e3 c5 5. a3 Bxc3+ 6. bxc3 0-0 7. Bd3 Nc6 8. Ne2 d5 9. cxd5 exd5 10. f3 Re8 11. 0-0 b6 12. Ng3 Ne7 13. Ra2 Ng6 14. Re2 Qd6 15. a4 Bd7 16. Ba3 Rac8 17. Nf5 Bxf5 18. Bxf5 Rcd8 19. Bd3 Qc7 20. a5 c4 21. axb6 axb6 22. Bb1 Ra8 23. Bb4 Qc6 24. Qd2 h6 25. Rfe1 Qc7 26. g3 Qd7 27. Kg2 Kh7 28. e4 dxe4 29. fxe4 Qb7 30. h3 Re6 31. Kh2 Rae8 32. e5 Nd5 33. Be4 Qd7 34. Bd6 Nf6 35. Bf5 Nd5 36. Be4 Qc6 37. Rf2 Rxd6 38. exd6 Qxd6 39. Rxf7 Nf6 40. Bxg6+ Kxg6 41. Rxf6+ Qxf6 42. Rxe8 Qf3 43. Re3 Qf1 44. Qe2 Qb1 45. Re6+ Kf7 46. Re7+ Kg8 47. Re8+ Kh7 48. Qe4+ Qxe4 49. Rxe4 1-0